[Event "SRB-chT Men 1st League 2019"]
[Site "Subotica"]
[Date "2019.08.31"]
[Round "10.9"]
[White "Popov, Ivan"]
[Black "Scekic, Milos"]
[Result "1/2-1/2"]
[WhiteElo "2604"]
[BlackElo "2381"]
[Annotator "TA"]
[PlyCount "58"]
[EventDate "2019.08.23"]
[EventType "team-tourn"]
[EventCountry "SRB"]
[SourceTitle "playchess.com"]
[Source "ChessBase"]
[SourceQuality "1"]

{[%evp 12,58,24,-22,18,10,9,12,19,16,20,11,21,0,13,8,5,0,2,-8,-8,-64,-52,-69,-73,-57,-53,-56,-49,-57,-25,-36,-30,-39,-20,-66,-62,-84,-84,-85,-72,-84,-70,-98,-39,-58,-37,-38,-45]} 1. e4 c6 2. Nc3 d5 3. Nf3 Bg4 4. h3 Bxf3 5. Qxf3 e6 6. d4 Nf6 7. Bg5 Be7 {B11: Caro-Kann: Two Knights Variation} (7... Bb4 {with more complications.} 8. e5 h6 9. exf6 hxg5 10. fxg7 Rg8) 8. O-O-O $146 (8. e5 Nfd7 9. Bxe7 Qxe7 10. O-O-O O-O 11. Qe3 c5 12. f4 Nc6 13. Ne2 Rac8 14. Kb1 a6 15. g4 cxd4 16. Nxd4 Nxd4 17. Qxd4 {0-1 (56) Inarkiev,E (2660)-Riazantsev,A (2646) St Petersburg 2015}) 8... Nxe4 9. Bxe7 Qxe7 {The position is equal.} 10. Nxe4 dxe4 11. Qxe4 Nd7 12. g3 Qg5+ 13. Kb1 Qd5 14. Qxd5 cxd5 15. c4 dxc4 16. d5 (16. Bxc4 $11 Nb6 17. Rc1) 16... Rc8 $15 17. dxe6 fxe6 18. b3 Nb6 19. Bg2 Rc7 20. Rhe1 cxb3 21. axb3 Ke7 22. Re3 Re8 23. f4 g6 24. Rde1 Kf6 25. g4 Ree7 26. g5+ Kf7 27. h4 Nd7 (27... Nd5 $17 28. Re5 Nb4) 28. Bd5 Nf8 29. Bc4 Rc5 {Accuracy: White = 58%, Black = 65%.} 1/2-1/2

[Event "SRB-chT Men 1st League 2019"]
[Site "Subotica"]
[Date "2019.08.31"]
[Round "10.10"]
[White "Dimic, Pavle"]
[Black "Stojanovic, Mihajlo"]
[Result "0-1"]
[WhiteElo "2349"]
[BlackElo "2475"]
[Annotator "ChessBase"]
[PlyCount "114"]
[EventDate "2019.08.23"]
[EventType "team-tourn"]
[EventCountry "SRB"]
[SourceTitle "playchess.com"]
[Source "ChessBase"]
[SourceQuality "1"]
[TimeControl "40/5400+30:1800+30"]

1. d4 {[%emt 0:00:00]} d5 {[%emt 0:00:00]} 2. c4 {[%emt 0:00:01]} dxc4 {[%emt 0:00:00]} 3. Nf3 {[%emt 0:00:12]} Nf6 {[%emt 0:00:03]} 4. e3 {[%emt 0:00:09]} e6 {[%emt 0:00:05]} 5. Bxc4 {[%emt 0:00:14]} c5 {[%emt 0:00:05]} 6. O-O {[%emt 0:00:20]} a6 {[%emt 0:00:04]} 7. Qe2 {[%emt 0:00:34]} b5 {[%emt 0:01:07]} 8. Bd3 {[%emt 0:00:32]} cxd4 {[%emt 0:01:15]} 9. Rd1 {[%emt 0:01:08]} Nc6 {[%emt 0:28:31]} 10. exd4 {[%emt 0:24:06]} Nb4 {[%emt 0:06:32]} 11. Nc3 {[%emt 0:04:07]} Nxd3 {[%emt 0:10:34]} 12. Rxd3 {[%emt 0:00:56]} Be7 {[%emt 0:01:09]} 13. Bg5 {[%emt 0:03:40]} O-O {[%emt 0:00:40]} 14. Bxf6 {[%emt 0:29:11]} Bxf6 {[%emt 0:00:19]} 15. d5 {[%emt 0:03:54]} exd5 {[%emt 0:00:34]} 16. Nxd5 {[%emt 0:08:07]} Bf5 {[%emt 0:02:23]} 17. Nxf6+ {[%emt 0:06:48]} Qxf6 {[%emt 0:00:07]} 18. Rd4 {[%emt 0:00:54]} h6 {[%emt 0:10:05]} 19. Qd2 {[%emt 0:00:33]} Rad8 {[%emt 0:08:19]} 20. Rd1 {[%emt 0:00:53]} Rxd4 {[%emt 0:00:11]} 21. Qxd4 {[%emt 0:00:36]} Qc6 {[%emt 0:00:26]} 22. Ne5 {[%emt 0:05:00]} Qc2 {[%emt 0:04:29]} 23. Qd2 {[%emt 0:06:20]} Rc8 {[%emt 0:01:41]} 24. h3 {[%emt 0:00:26]} Be6 {[%emt 0:12:24]} 25. b3 {[%emt 0:02:16]} Qf5 {[%emt 0:03:00]} 26. Nf3 {[%emt 0:00:48]} Rc2 {[%emt 0:00:53]} 27. Qd8+ {[%emt 0:00:31]} Kh7 {[%emt 0:00:09]} 28. Rd2 {[%emt 0:00:26]} Rc1+ {[%emt 0:02:50]} 29. Rd1 {[%emt 0:00:05]} Qb1 {[%emt 0:00:20]} 30. Rxc1 {[%emt 0:00:08]} Qxc1+ {[%emt 0:00:04]} 31. Kh2 {[%emt 0:00:15]} Qf4+ {[%emt 0:01:24]} 32. Kg1 {[%emt 0:00:50]} Bxh3 {[%emt 0:00:29]} 33. Qa8 {[%emt 0:01:55]} Qc1+ {[%emt 0:03:57]} 34. Kh2 {[%emt 0:00:03]} Qc8 {[%emt 0:00:18]} 35. Qa7 {[%emt 0:00:49]} Bxg2 {[%emt 0:02:02]} 36. Kxg2 {[%emt 0:00:02]} Qg4+ {[%emt 0:00:01]} 37. Kf1 {[%emt 0:00:13]} Qxf3 {[%emt 0:00:06]} 38. Qxa6 {[%emt 0:00:05]} Qd1+ {[%emt 0:01:03]} 39. Kg2 {[%emt 0:00:06]} Qg4+ {[%emt 0:00:51]} 40. Kf1 {[%emt 0:00:00]} Qd1+ {[%emt 0:00:00]} 41. Kg2 {[%emt 0:00:44]} Qd5+ {[%emt 0:03:32]} 42. Kg1 {[%emt 0:05:11]} b4 {[%emt 0:01:49]} 43. Qb6 {[%emt 0:01:25]} Qe4 {[%emt 0:00:18]} 44. Qc5 {[%emt 0:01:24]} Qg4+ {[%emt 0:25:22]} 45. Kf1 {[%emt 0:01:02]} h5 {[%emt 0:00:50]} 46. a3 {[%emt 0:05:34]} bxa3 {[%emt 0:00:05]} 47. Qxa3 {[%emt 0:00:04]} Qf3 {[%emt 0:00:21]} 48. Qc5 {[%emt 0:02:20]} h4 {[%emt 0:00:49]} 49. Qg5 {[%emt 0:12:47]} h3 {[%emt 0:00:29]} 50. Qh4+ {[%emt 0:04:27]} Kg6 {[%emt 0:00:14]} 51. Qg3+ {[%emt 0:00:30]} Qxg3 {[%emt 0:00:06]} 52. fxg3 {[%emt 0:00:02]} Kf5 {[%emt 0:00:12]} 53. b4 {[%emt 0:00:24]} g5 {[%emt 0:02:01]} 54. g4+ {[%emt 0:02:50]} Ke4 {[%emt 0:00:08]} 55. Kf2 {[%emt 0:00:43]} Kd4 {[%emt 0:00:06]} 56. Kg3 {[%emt 0:00:27]} Kc4 {[%emt 0:00:05]} 57. Kxh3 {[%emt 0:00:39]} Kxb4 {[%emt 0:00:06]} 0-1

[Event "SRB-chT Men 1st League 2019"]
[Site "Subotica"]
[Date "2019.08.31"]
[Round "10.11"]
[White "Damjanovic, Vuk"]
[Black "Klasan, Vladimir"]
[Result "1-0"]
[WhiteElo "2246"]
[BlackElo "2357"]
[Annotator "NA"]
[PlyCount "79"]
[EventDate "2019.08.23"]
[EventType "team-tourn"]
[EventCountry "SRB"]
[SourceTitle "playchess.com"]
[Source "ChessBase"]
[SourceQuality "1"]
[TimeControl "40/5400+30:1800+30"]

1. d4 {[%emt 1:30:30]} Nf6 {[%emt 1:30:30]} 2. Nf3 {[%emt 0:00:30]} c5 {[%emt 0:00:30]} 3. d5 {[%emt 0:00:30]} e6 {[%emt 0:00:30]} 4. Nc3 {[%emt 0:00:30]} exd5 {[%emt 0:00:30]} 5. Nxd5 {[%emt 0:00:30]} h6 {[%emt 0:00:30]} 6. e4 {[%emt 0:00:30]} Nxd5 {[%emt 0:00:30]} 7. Qxd5 {[%emt 0:00:30]} Nc6 {[%emt 0:00:30]} 8. Bc4 {[%emt 0:00:30]} Qe7 {[%emt 0:00:30]} 9. O-O {[%emt 0:00:30]} d6 {[%emt 0:00:30]} 10. Bf4 {[%emt 0:00:30]} Be6 {[%emt 0:00:30]} 11. Qd3 {[%emt 0:00:30]} Bxc4 {[%emt 0:00:30]} 12. Qxc4 {[%emt 0:00:30]} Qe6 {[%emt 0:00:30]} 13. Qd3 {[%emt 0:00:30]} Be7 {[%emt 0:00:30]} 14. c3 {[%emt 0:00:30]} O-O {[%emt 0:00:30]} 15. Rfe1 {[%emt 0:00:30]} Rfe8 {[%emt 0:00:30]} 16. Qd5 {[%emt 0:00:30]} Qxd5 {[%emt 0:00:30]} 17. exd5 {[%emt 0:00:30]} Na5 {[%emt 0:00:30]} 18. Re4 {[%emt 0:00:30]} Bf8 {[%emt 0:00:30]} 19. Rae1 {[%emt 0:00:30]} Rxe4 {[%emt 0:00:30]} 20. Rxe4 {[%emt 0:00:30]} b6 {[%emt 0:00:30]} 21. h4 {[%emt 0:00:30]} g6 {[%emt 0:00:30]} 22. g4 {[%emt 0:00:30]} Kg7 {[%emt 0:00:30]} 23. h5 {[%emt 0:00:30]} Nb7 {[%emt 0:00:30]} 24. Nh4 {[%emt 0:00:30]} gxh5 {[%emt 0:00:30]} 25. gxh5 {[%emt 0:00:30]} Rc8 {[%emt 0:00:30]} 26. c4 {[%emt 0:00:30]} Kh7 {[%emt 0:00:30]} 27. Nf5 {[%emt 0:00:30]} Rd8 {[%emt 0:00:30]} 28. Kg2 {[%emt 0:00:30]} Na5 {[%emt 0:00:30]} 29. Kf3 {[%emt 0:00:30]} Nb7 {[%emt 0:00:30]} 30. Bd2 {[%emt 0:00:30]} Rb8 {[%emt 0:00:30]} 31. Bc3 {[%emt 0:00:30]} Rd8 {[%emt 0:00:30]} 32. Bf6 {[%emt 0:00:30]} Rc8 {[%emt 0:00:30]} 33. Be7 {[%emt 0:00:30]} Bg7 {[%emt 0:00:30]} 34. Nxd6 {[%emt 0:00:30]} Nxd6 {[%emt 0:00:30]} 35. Bxd6 {[%emt 0:00:30]} Rd8 {[%emt 0:00:30]} 36. Be5 {[%emt 0:00:30]} f6 {[%emt 0:00:30]} 37. Bc3 {[%emt 0:00:30]} Rd7 {[%emt 0:00:30]} 38. Re6 {[%emt 0:00:30]} Kg8 {[%emt 0:00:30]} 39. Kf4 {[%emt 0:00:30]} Kf7 {[%emt 0:00:30]} 40. Ke4 {[%emt 0:00:30]} 1-0

[Event "SRB-chT Men 1st League 2019"]
[Site "Subotica"]
[Date "2019.08.31"]
[Round "10.12"]
[White "Milekic, Daniel"]
[Black "Kisic, Jovan"]
[Result "1-0"]
[WhiteElo "2298"]
[BlackElo "1757"]
[Annotator "NA"]
[PlyCount "57"]
[EventDate "2019.08.23"]
[EventType "team-tourn"]
[EventCountry "SRB"]
[SourceTitle "playchess.com"]
[Source "ChessBase"]
[SourceQuality "1"]
[TimeControl "40/5400+30:1800+30"]

1. c4 {[%emt 0:00:00]} e5 {[%emt 0:00:57]} 2. Nc3 {[%emt 0:00:03]} Nf6 {[%emt 0:03:19]} 3. Nf3 {[%emt 0:00:11]} Nc6 {[%emt 0:02:00]} 4. g3 {[%emt 0:00:12]} Bc5 {[%emt 0:02:19]} 5. Nxe5 {[%emt 0:02:50]} Bxf2+ {[%emt 0:02:42]} 6. Kxf2 {[%emt 0:00:06]} Nxe5 {[%emt 0:00:50]} 7. e4 {[%emt 0:00:40]} h5 {[%emt 0:13:18]} 8. d4 {[%emt 0:11:57]} Nfg4+ {[%emt 0:03:11]} 9. Ke1 {[%emt 0:11:54]} Ng6 {[%emt 0:14:26]} 10. h3 {[%emt 0:02:17]} Nh6 {[%emt 0:03:08]} 11. Qxh5 {[%emt 0:04:45]} Qf6 {[%emt 0:02:45]} 12. Be3 {[%emt 0:06:41]} c6 {[%emt 0:06:22]} 13. Qe2 {[%emt 0:13:10]} d6 {[%emt 0:03:12]} 14. Bg2 {[%emt 0:00:34]} Be6 {[%emt 0:01:34]} 15. Kd2 {[%emt 0:03:35]} O-O-O {[%emt 0:03:10]} 16. d5 {[%emt 0:02:02]} Bd7 {[%emt 0:02:59]} 17. Qf2 {[%emt 0:04:22]} Qe7 {[%emt 0:02:21]} 18. dxc6 {[%emt 0:01:54]} Bxc6 {[%emt 0:00:40]} 19. Nd5 {[%emt 0:00:58]} Qe6 {[%emt 0:03:12]} 20. Bxa7 {[%emt 0:02:28]} Ne5 {[%emt 0:01:07]} 21. Rac1 {[%emt 0:01:05]} Kd7 {[%emt 0:01:26]} 22. Be3 {[%emt 0:02:06]} Qg6 {[%emt 0:01:46]} 23. g4 {[%emt 0:02:00]} Ng8 {[%emt 0:01:30]} 24. Qf5+ {[%emt 0:01:10]} Qe6 {[%emt 0:00:44]} 25. Bd4 {[%emt 0:02:07]} g6 {[%emt 0:01:03]} 26. Qxe6+ {[%emt 0:00:41]} fxe6 {[%emt 0:00:12]} 27. Nb4 {[%emt 0:03:32]} Ne7 {[%emt 0:01:31]} 28. c5 {[%emt 0:03:09]} dxc5 {[%emt 0:01:05]} 29. Bxe5 {[%emt 0:18:01]} 1-0

[Event "SRB-chT Men 1st League 2019"]
[Site "Subotica"]
[Date "2019.08.31"]
[Round "10.13"]
[White "Sanal, Vahap"]
[Black "Rublevsky, Sergei"]
[Result "0-1"]
[WhiteElo "2535"]
[BlackElo "2652"]
[Annotator "TA"]
[PlyCount "136"]
[EventDate "2019.08.23"]
[EventType "team-tourn"]
[EventCountry "SRB"]
[SourceTitle "playchess.com"]
[Source "ChessBase"]
[SourceQuality "1"]

{[%evp 10,142,31,12,47,31,33,29,23,25,25,25,28,33,30,29,47,42,45,0,77,10,60,8,49,28,31,0,16,-65,0,0,0,0,0,0,0,0,0,0,0,0,0,0,0,0,0,0,0,0,92,112,120,101,258,242,323,334,350,335,314,325,297,312,312,289,340,0,0,0,151,182,181,161,161,176,156,0,0,0,495,0,0,-39,-74,-450,-460,-423,-456,-413,-401,-390,-397,-409,-316,-393,-368,-352,-365,-340,-322,-368,-343,-355,-346,-1000,-977,-910,-899,-643,-454,-531,-525,-670,-303,-622,-535,-524,-491,-29964,-29965,-29967,-29968,-29968,-29969,-29969,-29970,-29970,-29971,-29965,-29970,-29965,-29966,-29950,-11597]} 1. e4 c5 2. Nf3 e6 3. d4 cxd4 4. Nxd4 Nc6 5. Nc3 a6 6. g3 d6 {B46: Sicilian: Taimanov: 5 Nc3 a6} (6... Qc7 {feels hotter.} 7. Bg2 Nf6 8. Nb3 Be7 9. O-O O-O) 7. Nxc6 (7. Bg2 Bd7 8. O-O Nf6 9. Nce2 b5 10. a4 b4 11. b3 Rc8 12. Re1 Be7 13. Nxc6 Bxc6 14. Nd4 Ba8 15. Qd3 Qa5 16. Bb2 O-O 17. e5 dxe5 18. Bxa8 Rxa8 {0-1 (68) Aronian,L (2765)-Alekseev,E (2639) St Petersburg 2018}) (7. Bg2 Bd7 8. O-O Nf6 9. Nce2 Rc8 10. b3 b5 11. Bb2 Be7 12. h3 O-O 13. g4 Nxd4 14. Nxd4 d5 15. e5 Ne4 16. Bxe4 dxe4 17. Qe2 Bc5 18. Qxe4 Qh4 19. Kh2 f5 20. exf6 {0-1 (55) Sanal,V (2542)-Rublevsky,S (2683) Ruma 2017}) 7... bxc6 8. Bg2 d5 {White has an edge.} 9. O-O Nf6 10. Na4 $146 ({Predecessor:} 10. Re1 Bb7 11. Be3 Be7 12. Na4 Qa5 13. Nb6 Rd8 14. e5 {½-½ (28) Sutovsky,E (2664)-Bacrot,E (2653) Albert 2001}) 10... Be7 11. c4 O-O 12. Qe2 a5 13. b3 Ba6 14. Bb2 Qb8 (14... dxc4 $11 {keeps the balance.} 15. bxc4 Qc7) 15. Bc3 ({White should try} 15. exd5 $1 $16 cxd5 16. Rfc1) 15... Rd8 16. Rfc1 (16. exd5 $14 cxd5 17. Rfd1) 16... Nxe4 17. Bxe4 dxe4 {[#]} 18. Qg4 $1 {[%csl Gc3][%cal Rg4g7][%mdl 512]} Bf8 19. Nc5 (19. Qxe4 $11 c5 20. Rd1) 19... f5 (19... e3 $1 $15) 20. Qg5 $1 $11 Qd6 21. Rd1 $1 {[%cal Rd1d6]} Qxd1+ 22. Rxd1 Rxd1+ 23. Kg2 Bc8 24. Na4 Bb7 25. Nc5 Bc8 26. Na4 Ra7 27. Nb6 Ba6 28. Qf4 $1 Bd6 29. Be5 Be7 (29... Bf8 $11) 30. Bd4 $1 $16 {Black must now prevent Qb8+.} Kf7 {[#]} 31. Nc8 $1 {[%mdl 512]} Rd7 $2 (31... Bxc8 $16 {might work better.} 32. Bxa7 a4) 32. Nxe7 $18 R7xd4 33. Nxc6 {[%mdl 64] Double Attack} Rd6 34. Qh4 {Threatening mate with Qe7+.} Kg8 35. Qe7 {[%cal Re7e8]} (35. Nxa5 h6 $11) 35... h6 36. Qe8+ (36. Nxa5 Kh7 $15) 36... Kh7 37. Kh3 (37. Nxa5 $2 e3 $1 $19 {[%mdl 512]}) 37... Bb7 38. Ne5 $2 ({But not} 38. Nxa5 $2 e3 $1 $19 {[%mdl 512]}) ({White must play} 38. Ne7 $1 $18 {[%csl Ge7][%cal Re8g8]} Rd8 39. Qg6+ {[%mdl 64] Double Attack} Kh8 40. Qxe6) 38... e3 $1 $11 39. fxe3 R6d2 $2 (39... Be4 $11) 40. Qg6+ $16 Kh8 {[#]} 41. Nf7+ $1 Kg8 42. Nxh6+ $1 Kh8 {[#]} 43. Nf7+ $2 (43. g4 $1 $16 Rf1 44. Nf7+ Kg8 45. Ne5 fxg4+ 46. Nxg4) 43... Kg8 $11 {( -> ...Rxh2+!)} 44. Kh4 Rxh2+ 45. Kg5 Rd7 $1 $36 {[%cal Rd7f7][%mdl 2048] Black has some pressure.} ({Wrong is} 45... Rg1 $2 46. Kf4 $18) 46. Nh6+ Kf8 47. Qxe6 $4 {[%mdl 8192]} (47. Ng8 $17) 47... gxh6+ $19 48. Kg6 Rg7+ 49. Kf6 {intending c5.} Rd2 {...Rc7 is the strong threat.} 50. Qb6 Kg8 51. Qxa5 Rd3 52. Qb6 Be4 53. g4 Rf7+ ({Less strong is} 53... Rxg4 54. Qc7 $17) 54. Ke5 Kh7 55. b4 Rdd7 56. gxf5 Bxf5 57. Qc6 $2 (57. c5 Rb7 58. Qa5 Rbe7+ 59. Kd5) 57... Rc7 58. Qa6 Rce7+ 59. Kd5 Ra7 60. Qb6 Rad7+ 61. Ke5 Rb7 (61... Bd3 $142 {aiming for ...Rfe7+.} 62. a3 Rfe7+ 63. Kf4 Rc7) 62. Qc5 $2 (62. Qa5) 62... Rbe7+ 63. Kd5 Bg6 {Strongly threatening ...Rf5+.} 64. Kd4 (64. Qc8 $19 Rc7 65. Qg4) 64... Rd7+ {Black mates.} 65. Kc3 Rd3+ 66. Kb2 Rf2+ 67. Kc1 Rf1+ 68. Kb2 h5 {Played: Rf1-b1} 0-1

[Event "SRB-chT Men 1st League 2019"]
[Site "Subotica"]
[Date "2019.08.31"]
[Round "10.14"]
[White "Ivanisevic, Ivan"]
[Black "Markus, Robert"]
[Result "1/2-1/2"]
[WhiteElo "2618"]
[BlackElo "2599"]
[Annotator "TA"]
[PlyCount "92"]
[EventDate "2019.08.23"]
[EventType "team-tourn"]
[EventCountry "SRB"]
[SourceTitle "playchess.com"]
[Source "ChessBase"]
[SourceQuality "1"]

{[%evp 10,92,45,38,46,29,22,31,31,30,14,4,0,0,36,0,4,-12,0,0,40,23,28,0,18,0,0,0,27,0,23,0,19,-12,44,44,46,46,41,39,94,65,60,46,55,37,49,21,31,29,29,29,29,0,0,-68,-68,-68,-61,-55,-21,-40,12,-40,-40,-85,-74,-67,-66,-60,-40,-72,-40,-75,-40,-90,-54,-75,0,-73,0,-84,0,-80,0]} 1. d4 Nf6 2. c4 d6 3. Nc3 Nbd7 4. e4 e5 5. Nge2 c6 6. d5 Nc5 {A53: Old Indian Defence without Nf3} (6... h5 7. h3 Nc5 8. Qc2 a5 9. Be3 a4 10. Bxc5 dxc5 11. Nxa4 b5 12. Nac3 b4 13. Nd1 cxd5 14. cxd5 {½-½ (43) Belous,M (2289)-Bosboom,M (2418) Amsterdam 2019}) 7. Ng3 h5 $146 ({Predecessor:} 7... a5 8. b3 Bd7 9. Be2 g6 10. h4 h5 11. Bg5 Be7 12. Qd2 cxd5 13. exd5 Nh7 14. Bxe7 Qxe7 {0-1 (40) Malczyk,R (2105)-Leks,H (2212) Rewal 2006}) 8. h4 a5 {White is slightly better.} 9. Bg5 g6 10. Na4 Nxa4 11. Qxa4 Bd7 {With the idea ...cxd5.} 12. Qd1 Be7 13. Bd3 Qb6 14. Qd2 (14. Qb3 {keeps more tension.} Qd8 15. Rc1 O-O 16. Be2 Nh7 17. Bh6) 14... Qb4 15. f3 O-O 16. O-O-O Qxd2+ 17. Bxd2 Rfc8 18. Kb1 Be8 19. Bg5 $36 {[%mdl 2048] White is pushing.} Bd8 20. Ne2 Kg7 21. Be3 Nd7 (21... b5 $11) 22. Nc3 $14 Bb6 23. Bxb6 Nxb6 24. Be2 c5 (24... cxd5 $14 25. Nxd5 Rc6) 25. Rdf1 Bd7 26. g4 Rh8 27. Rf2 Raf8 28. gxh5 Rxh5 29. f4 Rh6 30. f5 Na8 31. f6+ Kh7 32. Nd1 ({Better is} 32. h5 $11) 32... Rh8 $15 33. Ne3 Kg8 34. Rfh2 Kf8 35. Bg4 Ke8 (35... Bxg4 $15 36. Nxg4 Rh5) 36. Kc2 (36. h5 $1 $11 gxh5 37. Rxh5 (37. Bxh5 Kd8 $17) 37... Rxh5 38. Rxh5 (38. Bxh5 Kd8 $15) 38... Rxh5 39. Bxh5) 36... Nb6 37. Kd3 Bxg4 38. Nxg4 Rh5 39. b3 Nd7 40. Kc3 Kd8 (40... a4 $5) 41. Kd3 Kc7 (41... a4 $5) 42. Kc3 Rg8 43. Kd3 Rgh8 (43... a4 $5) 44. Kc3 Rg8 (44... a4 $5) 45. Kd3 $1 Rgh8 46. Kc3 {[#]} Rg8 {Accuracy: White = 40%, Black = 44%.} ({Black should play} 46... a4 $1 $17 {[%mdl 512]}) 1/2-1/2

[Event "SRB-chT Men 1st League 2019"]
[Site "Subotica"]
[Date "2019.08.31"]
[Round "10.15"]
[White "Kovacevic, Aleksandar"]
[Black "Miladinovic, Igor"]
[Result "1/2-1/2"]
[WhiteElo "2480"]
[BlackElo "2532"]
[Annotator "ChessBase"]
[PlyCount "27"]
[EventDate "2019.08.23"]
[EventType "team-tourn"]
[EventCountry "SRB"]
[SourceTitle "playchess.com"]
[Source "ChessBase"]
[SourceQuality "1"]
[TimeControl "40/5400+30:1800+30"]

1. e4 {[%emt 0:00:00]} c6 {[%emt 0:01:18]} 2. d4 {[%emt 0:00:21]} d5 {[%emt 0:00:27]} 3. Nc3 {[%emt 0:01:08]} dxe4 {[%emt 0:00:23]} 4. Nxe4 {[%emt 0:00:05]} Nf6 {[%emt 0:00:08]} 5. Nxf6+ {[%emt 0:00:26]} exf6 {[%emt 0:00:08]} 6. c3 {[%emt 0:01:34]} Bd6 {[%emt 0:05:12]} 7. Bd3 {[%emt 0:01:51]} O-O {[%emt 0:00:14]} 8. Qc2 {[%emt 0:06:51]} Re8+ {[%emt 0:00:06]} 9. Ne2 {[%emt 0:00:18]} h5 {[%emt 0:01:12]} 10. Be3 {[%emt 0:04:54]} Nd7 {[%emt 0:00:35]} 11. O-O {[%emt 0:01:36]} Qc7 {[%emt 0:00:26]} 12. h3 {[%emt 0:00:51]} Nf8 {[%emt 0:00:06]} 13. c4 {[%emt 0:01:35]} Ne6 {[%emt 0:06:52]} 14. Qd2 {[%emt 0:05:24]} 1/2-1/2

[Event "SRB-chT Men 1st League 2019"]
[Site "Subotica"]
[Date "2019.08.31"]
[Round "10.16"]
[White "Miljkovic, Miroslav D"]
[Black "Saric, Sinisa"]
[Result "1-0"]
[WhiteElo "2483"]
[BlackElo "2410"]
[Annotator "ChessBase"]
[PlyCount "85"]
[EventDate "2019.08.23"]
[EventType "team-tourn"]
[EventCountry "SRB"]
[SourceTitle "playchess.com"]
[Source "ChessBase"]
[SourceQuality "1"]
[TimeControl "40/5400+30:1800+30"]

1. d4 {[%emt 0:00:00]} Nf6 {[%emt 0:00:00]} 2. c4 {[%emt 0:00:00]} g6 {[%emt 0:00:00]} 3. Nc3 {[%emt 0:00:00]} Bg7 {[%emt 0:00:09]} 4. e4 {[%emt 0:00:03]} O-O {[%emt 0:00:10]} 5. h3 {[%emt 0:00:59]} c6 {[%emt 0:01:13]} 6. Bd3 {[%emt 0:03:12]} d6 {[%emt 0:00:13]} 7. Nge2 {[%emt 0:00:44]} Nbd7 {[%emt 0:02:26]} 8. Be3 {[%emt 0:03:18]} a6 {[%emt 0:13:53]} 9. O-O {[%emt 0:15:15]} b5 {[%emt 0:01:56]} 10. a3 {[%emt 0:06:18]} bxc4 {[%emt 0:17:24]} 11. Bxc4 {[%emt 0:01:41]} d5 {[%emt 0:01:19]} 12. Bd3 {[%emt 0:02:11]} dxe4 {[%emt 0:22:52]} 13. Nxe4 {[%emt 0:05:53]} Nd5 {[%emt 0:00:14]} 14. Rc1 {[%emt 0:12:33]} Nxe3 {[%emt 0:09:49]} 15. fxe3 {[%emt 0:00:05]} e5 {[%emt 0:00:06]} 16. Bc4 {[%emt 0:03:28]} exd4 {[%emt 0:04:23]} 17. Nxd4 {[%emt 0:02:11]} Qe7 {[%emt 0:05:17]} 18. Qc2 {[%emt 0:02:35]} Bb7 {[%emt 0:02:07]} 19. Nf3 {[%emt 0:06:46]} c5 {[%emt 0:02:56]} 20. Neg5 {[%emt 0:01:54]} Bxf3 {[%emt 0:12:14]} 21. Nxf3 {[%emt 0:01:07]} Ne5 {[%emt 0:00:27]} 22. Bd5 {[%emt 0:09:35]} Rad8 {[%emt 0:00:02]} 23. e4 {[%emt 0:00:37]} Nxf3+ {[%emt 0:00:06]} 24. Rxf3 {[%emt 0:00:05]} Bd4+ {[%emt 0:00:04]} 25. Kh1 {[%emt 0:00:10]} Kg7 {[%emt 0:00:20]} 26. Rcf1 {[%emt 0:03:04]} f6 {[%emt 0:01:05]} 27. Qa4 {[%emt 0:01:43]} Bxb2 {[%emt 0:01:45]} 28. Qxa6 {[%emt 0:01:40]} Rb8 {[%emt 0:00:22]} 29. a4 {[%emt 0:00:36]} Be5 {[%emt 0:00:16]} 30. a5 {[%emt 0:01:23]} Bd6 {[%emt 0:00:16]} 31. Qd3 {[%emt 0:04:13]} Qe5 {[%emt 0:00:02]} 32. g3 {[%emt 0:00:11]} Rb4 {[%emt 0:01:29]} 33. a6 {[%emt 0:00:53]} Ra4 {[%emt 0:00:48]} 34. Qb5 {[%emt 0:01:17]} Ra1 {[%emt 0:00:21]} 35. Rxa1 {[%emt 0:01:44]} Qxa1+ {[%emt 0:00:01]} 36. Rf1 {[%emt 0:00:00]} Qe5 {[%emt 0:00:10]} 37. Rg1 {[%emt 0:05:10]} Rb8 {[%emt 0:01:37]} 38. Qd7+ {[%emt 0:00:57]} Kh6 {[%emt 0:00:02]} 39. Qg4 {[%emt 0:03:24]} Rb2 {[%emt 0:01:03]} 40. a7 {[%emt 0:00:00]} Qd4 {[%emt 0:00:00]} 41. a8=Q {[%emt 0:01:47]} Bb8 {[%emt 0:03:20]} 42. Qxb8 {[%emt 0:01:51]} Rxb8 {[%emt 0:00:09]} 43. Qf4+ {[%emt 0:00:06]} 1-0

[Event "SRB-chT Men 1st League 2019"]
[Site "Subotica"]
[Date "2019.08.31"]
[Round "10.17"]
[White "Leskur, Dejan"]
[Black "Lazic, Miroljub"]
[Result "1/2-1/2"]
[WhiteElo "2303"]
[BlackElo "2387"]
[Annotator "NA"]
[PlyCount "48"]
[EventDate "2019.08.23"]
[EventType "team-tourn"]
[EventCountry "SRB"]
[SourceTitle "playchess.com"]
[Source "ChessBase"]
[SourceQuality "1"]
[TimeControl "40/5400+30:1800+30"]

1. e4 {[%emt 0:00:00]} e5 {[%emt 0:00:00]} 2. Nf3 {[%emt 0:00:00]} Nc6 {[%emt 0:00:08]} 3. Bb5 {[%emt 0:00:00]} a6 {[%emt 0:01:17]} 4. Ba4 {[%emt 0:00:00]} Nf6 {[%emt 0:02:06]} 5. O-O {[%emt 0:00:10]} Be7 {[%emt 0:00:45]} 6. Re1 {[%emt 0:00:07]} b5 {[%emt 0:00:09]} 7. Bb3 {[%emt 0:00:05]} d6 {[%emt 0:00:16]} 8. c3 {[%emt 0:00:07]} O-O {[%emt 0:00:09]} 9. h3 {[%emt 0:00:10]} Re8 {[%emt 0:01:43]} 10. Ng5 {[%emt 0:06:32]} Rf8 {[%emt 0:02:36]} 11. Nf3 {[%emt 0:00:06]} Nb8 {[%emt 0:10:03]} 12. d4 {[%emt 0:02:56]} Nbd7 {[%emt 0:00:11]} 13. Nbd2 {[%emt 0:01:40]} Bb7 {[%emt 0:00:20]} 14. Bc2 {[%emt 0:01:17]} Re8 {[%emt 0:01:09]} 15. Nf1 {[%emt 0:00:54]} Bf8 {[%emt 0:00:09]} 16. Ng3 {[%emt 0:00:05]} g6 {[%emt 0:04:53]} 17. b3 {[%emt 0:07:51]} Bg7 {[%emt 0:03:51]} 18. d5 {[%emt 0:07:07]} Rc8 {[%emt 0:08:14]} 19. a4 {[%emt 0:15:18]} bxa4 {[%emt 0:12:48]} 20. Rxa4 {[%emt 0:00:43]} c6 {[%emt 0:00:08]} 21. dxc6 {[%emt 0:03:53]} Rxc6 {[%emt 0:01:44]} 22. c4 {[%emt 0:01:19]} Nc5 {[%emt 0:04:18]} 23. Ra2 {[%emt 0:04:17]} Rc8 {[%emt 0:06:14]} 24. b4 {[%emt 0:03:51]} Ne6 {[%emt 0:38:49]} 1/2-1/2